000 00485nam a22001817a 4500
003 NUST - PNEC
005 20170116181138.0
008 151007b xxu||||| |||| 00| 0 eng d
020 _a8129700409
040 _cLIBRARY
082 _a660.63 SHU
100 _914465
_aShuler, Michael L.
245 _aBioprocess engineering : basic concepts
_cMichael L. Shuler
250 _aSecond Edition
260 _cc.2003
650 _914472
_aBiochemical engineering
_xME
942 _2ddc
_cBK
999 _c70361
_d70361